Online Catalogue and eLibrary

Gender and theory : (Record no. 16)

MARC details
000 -LEADER
fixed length control field 00654pam a2200217 a 4500
001 - CONTROL NUMBER
control field 4329274
005 - DATE AND TIME OF LATEST TRANSACTION
control field 20231115031035.0
008 - FIXED-LENGTH DATA ELEMENTS--GENERAL INFORMATION
fixed length control field 880705s1989 enk b 001 0 eng
020 ## - INTERNATIONAL STANDARD BOOK NUMBER
ISBN 0803948026
020 ## - INTERNATIONAL STANDARD BOOK NUMBER
ISBN 0631163557 (hard)
040 ## - CATALOGING SOURCE (பட்டியலாக்க மூலம்)
Original cataloging agency DLC
Transcribing agency DLC
Modifying agency DLC
082 00 - DDC Classification
Class No. 809/.89287
DDC Edition Number 19
100 ## - MAIN ENTRY--PERSONAL NAME
Personal name Kauffman, Linda.
245 00 - TITLE STATEMENT
Title Gender and theory :
Remainder of title dialogues on feminist criticism /
Statement of responsibility, etc. edited by Linda Kauffman.
260 ## - PUBLICATION, DISTRIBUTION, ETC.
Place of publication, distribution, etc. Oxford, UK ;
-- New York, NY, USA :
Name of publisher, distributor, etc. B. Blackwell,
Date of publication, distribution, etc. 1989.
300 ## - PHYSICAL DESCRIPTION
Extent (e.g. Volumes, Pages etc.) x, 258 p. ;
500 ## - GENERAL NOTE
General note Spine title: Gender & theory.
650 #0 - SUBJECT ADDED ENTRY--TOPICAL TERM
Topical term or geographic name entry element Feminist literary criticism.
700 1# - ADDED ENTRY--PERSONAL NAME
Personal name Kauffman, Linda S.,
Relator term (Role) Editor
942 ## - Koha item type (Biblio)
Koha item type Books in Stacks (Lending)
Holdings
Lost status Damaged status Collection code Home library Current library Shelving location Date acquired Full call number Accession Number Item type
    Lending WERC Library WERC Library Culture Cupboard 11/15/2023 809.892 2071 Books in Stacks (Lending)

© WERC Library